| 000 | 00484nam a2200145 i 4500 | ||
|---|---|---|---|
| 001 | bg | ||
| 245 | 0 | 0 |
_aKodeks handlowy z komentarzem : _borzecznictwo Sądu Najwyższego w zakresie prawa handlowego, wzory dokumentów. _nT. 2. |
| 250 | _aWyd.8 popr. i uzup. Stan prawny na dzień 1.07.1993. | ||
| 260 |
_aBydgoszcz, _c1993. |
||
| 650 | 9 |
_aPrawo handlowe _xprawo _zPolska _ystan na 1993 r. |
|
| 040 | _cBPK | ||
| 041 | _apol | ||
| 942 | _cKS | ||
| 008 | s pl f |000 0 pol | ||
| 999 |
_c29876 _d29876 |
||
| 856 |
_uhttp://koha.tu.koszalin.pl/cgi-bin/koha/opac-detail.pl?biblionumber=29876 _yKatalog online BPK |
||